[Event "Bayern-chI Bank Hofmann 26th"]
[Site "Tegernsee"]
[Date "2023.10.31"]
[Round "4"]
[White "Wyss, Jonas"]
[Black "Lammers, Markus"]
[Result "1-0"]
[WhiteElo "2265"]
[BlackElo "2336"]
[PlyCount "115"]
[EventDate "2023.10.28"]
[EventType "swiss"]
[EventRounds "9"]
[EventCountry "GER"]
[SourceTitle "Mega2024 Update 01"]
[Source "Chessbase"]
[SourceDate "2023.11.12"]
[SourceVersion "1"]
[SourceVersionDate "2023.11.12"]
[SourceQuality "1"]

1. e4 e5 2. Nf3 Nf6 3. d4 Nxe4 4. Bd3 d5 5. Nxe5 Be7 6. 0-0 0-0 7. c4 c6 8. Nc3 Nxc3 9. bxc3 dxc4 10. Bxc4 Nd7 11. Nxd7 Bxd7 12. Re1 Bd6 13. Qh5 Qf6 14. Bg5 Qf5 15. Re3 h6 16. h4 hxg5 17. Bd3 g6 18. Bxf5 gxh5 19. Bxd7 g4 20. Rb1 Rab8 21. g3 Kg7 22. Bf5 b5 23. Kg2 Kf6 24. Be4 c5 25. f3 b4 26. fxg4 hxg4 27. Rf1+ Kg7 28. Rf5 bxc3 29. dxc5 Rb2+ 30. Kf1 Rc8 31. Rxc3 Rxa2 32. c6 f6 33. Rf2 Rxf2+ 34. Kxf2 f5 35. Bxf5 Rf8 36. c7 Rxf5+ 37. Kg2 Bxc7 38. Rxc7+ Kg6 39. Rxa7 Rb5 40. Ra4 Kh5 41. Re4 Rf5 42. Rd4 Ra5 43. Kf2 Re5 44. Rd3 Kg6 45. Re3 Ra5 46. Rd3 Re5 47. Rd6+ Kh5 48. Rd4 Rf5+ 49. Ke2 Re5+ 50. Kd3 Ra5 51. Ke4 Ra3 52. Rd5+ Kh6 53. Kf4 Ra4+ 54. Kf5 Rb4 55. Re5 Kh5 56. Re8 Rb5+ 57. Kf4 Rb4+ 58. Re4 1-0

[Event "Bundesliga 2324"]
[Site "Germany"]
[Date "2023.10.22"]
[Round "2.1"]
[White "Jovanovic, Zoran"]
[Black "Lammers, Markus"]
[Result "1-0"]
[WhiteElo "2513"]
[BlackElo "2336"]
[PlyCount "147"]
[EventDate "2023.10.21"]
[EventType "team-tourn"]
[EventRounds "15"]
[EventCountry "GER"]
[SourceTitle "Mega2024 Update 01"]
[Source "Chessbase"]
[SourceDate "2023.11.12"]
[SourceVersion "1"]
[SourceVersionDate "2023.11.12"]
[SourceQuality "1"]
[WhiteTeam "Kirchweyhe"]
[BlackTeam "Lister Turm"]
[WhiteTeamCountry "GER"]
[BlackTeamCountry "GER"]

1. e4 e5 2. Nf3 Nf6 3. Nxe5 d6 4. Nf3 Nxe4 5. Bd3 d5 6. Qe2 Qe7 7. 0-0 Nf6 8. Qd1 Qd8 9. c3 Bg4 10. Bc2 Be7 11. d4 0-0 12. Re1 Nbd7 13. Nbd2 Re8 14. Nf1 Bh5 15. Ng3 Bg6 16. Nf5 Bf8 17. Bg5 Rxe1+ 18. Qxe1 Qe8 19. N3h4 c6 20. Bf4 Qxe1+ 21. Rxe1 Re8 22. Kf1 Rxe1+ 23. Kxe1 Ne8 24. h3 Bh5 25. Ng3 Bg6 26. Nxg6 hxg6 27. Nf1 Bd6 28. Bc1 Nc7 29. g3 Ne6 30. Nd2 Kf8 31. Ke2 Ke7 32. f4 f5 33. Nf3 Nf6 34. Ne5 Nf8 35. Be3 Ne4 36. Kf3 a6 37. g4 Ke6 38. Bd3 Ke7 39. Bf1 Ke6 40. a3 Ke7 41. Nd3 Nd7 42. Ne5 Nxe5+ 43. fxe5 Bc7 44. h4 Ke6 45. Bh3 Bd8 46. Kf4 g5+ 47. hxg5 Bxg5+ 48. Kf3 Nd2+ 49. Bxd2 Bxd2 50. gxf5+ Kf7 51. Ke2 Bc1 52. b4 Bxa3 53. Kd2 Ke7 54. Kc2 Kf7 55. Bg4 Ke7 56. Bh5 Kf8 57. Be2 Ke7 58. Bf1 Kf8 59. Kb3 Bc1 60. c4 dxc4+ 61. Bxc4 Ke7 62. Be6 g6 63. Bc8 gxf5 64. Bxb7 Kd7 65. Bxa6 Bg5 66. Be2 Be7 67. Kc4 Bd8 68. b5 Bb6 69. bxc6+ Kxc6 70. Bd3 f4 71. d5+ Kd7 72. Bf5+ Kc7 73. d6+ Kd8 74. e6 1-0

[Event "Locarno op 8th"]
[Site "Locarno"]
[Date "2023.04.21"]
[Round "1"]
[White "Lammers, Markus"]
[Black "Sosa Nesper, Marcos Ivan"]
[Result "1-0"]
[WhiteElo "2338"]
[BlackElo "1500"]
[PlyCount "61"]
[EventDate "2023.04.21"]
[EventType "swiss"]
[EventRounds "5"]
[EventCountry "SUI"]
[SourceTitle "CBM 214 Extra"]
[Source "ChessBase"]
[SourceDate "2023.07.31"]
[SourceVersion "1"]
[SourceVersionDate "2023.07.31"]
[SourceQuality "1"]

1. e4 c5 2. d4 cxd4 3. c3 d3 4. Bxd3 d6 5. c4 Nf6 6. Nc3 g6 7. h3 Bg7 8. Nf3 0-0 9. 0-0 Nc6 10. Qe2 Nd7 11. Bd2 Nce5 12. Nxe5 Nxe5 13. Bc2 Be6 14. b3 Nc6 15. Bd3 Ne5 16. Bb1 Nc6 17. Rd1 Nd4 18. Qd3 Rc8 19. Be3 Nc6 20. Rc1 a6 21. Qd2 Re8 22. Bd3 b5 23. cxb5 axb5 24. Bxb5 Qa5 25. a4 Red8 26. Rab1 Na7 27. b4 Qc7 28. Nd5 Qb7 29. Bf1 Rxc1 30. Rxc1 Rb8 31. Rc7 1-0

[Event "Alicante Easter op 7th"]
[Site "La Nucia"]
[Date "2023.04.06"]
[Round "3"]
[White "Lammers, Markus"]
[Black "Mendonca, Leon Luke"]
[Result "0-1"]
[WhiteElo "2338"]
[BlackElo "2596"]
[PlyCount "92"]
[EventDate "2023.04.05"]
[EventType "swiss"]
[EventRounds "9"]
[EventCountry "ESP"]
[SourceTitle "CBM 213 Extra"]
[Source "ChessBase"]
[SourceDate "2023.05.31"]
[SourceVersion "1"]
[SourceVersionDate "2023.05.31"]
[SourceQuality "1"]

1. Nf3 d5 2. c4 e6 3. d4 Nf6 4. e3 b6 5. Bd3 Bb7 6. 0-0 Bd6 7. Nc3 0-0 8. Qc2 dxc4 9. Bxc4 c5 10. Rd1 cxd4 11. Rxd4 Qe7 12. b3 Nc6 13. Rh4 h6 14. Nb5 Bc5 15. Bb2 Rfd8 16. Nbd4 Nxd4 17. Nxd4 Ba3 18. Bxa3 Qxa3 19. Nb5 Qc5 20. Rd4 a6 21. Rxd8+ Rxd8 22. Nd4 Ng4 23. Be2 Qxc2 24. Nxc2 Rd2 25. Nd4 Nf6 26. Kf1 Ne4 27. Ke1 Rb2 28. Rc1 Rxa2 29. f3 Nd6 30. Rc7 e5 31. Nc2 a5 32. Kd2 Bd5 33. Rd7 Bxb3 34. Rd8+ Kh7 35. Bd3+ e4 36. fxe4 Bxc2 37. Bxc2 Nc4+ 38. Kc3 Nxe3 39. Bd3 Rxg2 40. e5+ g6 41. Rd7 Kg8 42. Kd4 Nf5+ 43. Ke4 Rg4+ 44. Kf3 Rb4 45. Rd8+ Kg7 46. Rd7 Nd4+ 0-1

[Event "BL2-Nord 2223"]
[Site "Germany"]
[Date "2023.02.25"]
[Round "7.7"]
[White "Lammers, Markus"]
[Black "Meister, Jakob"]
[Result "1-0"]
[WhiteElo "2294"]
[BlackElo "2441"]
[PlyCount "171"]
[EventDate "2022.10.22"]
[EventType "team-tourn"]
[EventRounds "10"]
[EventCountry "GER"]
[SourceTitle "EXT 2024"]
[Source "ChessBase"]
[SourceDate "2023.10.10"]
[SourceVersion "1"]
[SourceVersionDate "2023.10.10"]
[SourceQuality "1"]
[WhiteTeam "Lister Turm"]
[BlackTeam "Zehlendorf"]
[WhiteTeamCountry "GER"]
[BlackTeamCountry "GER"]

1. Nf3 g6 2. d4 Bg7 3. c4 d6 4. Nc3 Bg4 5. e3 c5 6. Be2 Nc6 7. 0-0 cxd4 8. exd4 Nf6 9. d5 Bxf3 10. Bxf3 Ne5 11. Be2 0-0 12. Be3 a6 13. Qb3 Qc7 14. Bb6 Qc8 15. Rac1 Ned7 16. Na4 Bh6 17. Rc2 Rb8 18. Ba7 Ra8 19. Bd4 Rb8 20. Qd3 b6 21. b4 a5 22. a3 axb4 23. axb4 Qb7 24. Nc3 Ra8 25. Nb5 Bg7 26. h3 Rfd8 27. Qe3 Re8 28. Rd1 Ra4 29. Rb2 Bf8 30. g4 Rea8 31. Rb3 Ne8 32. Bb2 Ra2 33. Bf3 Rc8 34. Be2 Bg7 35. Bxg7 Nxg7 36. Nc3 Ra7 37. Qxe7 Nc5 38. Qxb7 Nxb7 39. Rd4 f5 40. Nb5 Ra1+ 41. Kg2 Ra2 42. Nc3 Ra1 43. Rd2 Rca8 44. Rbb2 Kf7 45. Bd3 fxg4 46. hxg4 h5 47. g5 h4 48. Bb1 Nh5 49. Rd4 h3+ 50. Kh2 R8a3 51. Rd3 Kg7 52. Rxh3 Nd8 53. Ne4 Nf7 54. Rhb3 Nf4 55. Re3 Ne5 56. Nxd6 Ng4+ 57. Kg3 Nxe3 58. fxe3 Nh5+ 59. Kf3 Rc3 60. Nc8 Rxc4 61. Nxb6 Rc1 62. Bc2 Rf1+ 63. Ke4 Rf2 64. Nc4 Rg2 65. b5 Rxg5 66. b6 Nf6+ 67. Kf3 Nd7 68. e4 Rf1+ 69. Ke3 Rf8 70. b7 Rg2 71. e5 Nb8 72. d6 Rff2 73. Kd3 Rg3+ 74. Kd4 Rg4+ 75. Kd5 Rgg2 76. Ne3 Rg3 77. Rb3 Rd2+ 78. Ke4 Rxe3+ 79. Rxe3 Rxc2 80. e6 Kf8 81. e7+ Ke8 82. Rh3 Kd7 83. Rh8 Re2+ 84. Kf3 Re6 85. Rd8+ Kc6 86. Rxb8 1-0

[Event "Bremen Silvester op-A"]
[Site "Bremen"]
[Date "2022.12.30"]
[Round "7"]
[White "Wachinger, Nikolas"]
[Black "Lammers, Markus"]
[Result "1/2-1/2"]
[WhiteElo "2438"]
[BlackElo "2297"]
[PlyCount "86"]
[EventDate "2022.12.27"]
[EventType "swiss"]
[EventRounds "7"]
[EventCountry "GER"]
[SourceTitle "CBM 211 Extra"]
[Source "ChessBase"]
[SourceDate "2023.01.31"]
[SourceVersion "1"]
[SourceVersionDate "2023.01.31"]
[SourceQuality "1"]

1. c4 c5 2. Nf3 Nf6 3. Nc3 e6 4. g3 b6 5. Bg2 Bb7 6. 0-0 Be7 7. Re1 0-0 8. e4 d6 9. d4 cxd4 10. Nxd4 Qc8 11. Be3 a6 12. Rc1 Nbd7 13. f4 Re8 14. Bf2 g6 15. h3 Bf8 16. Nc2 Qxc4 17. Na3 Qb4 18. Nc2 Qc4 19. Ne3 Qc8 20. Nb5 Qb8 21. Nc7 Bxe4 22. Nxe8 Qxe8 23. Ng4 Nxg4 24. hxg4 Bxg2 25. Kxg2 Qd8 26. Bd4 Nf6 27. Rh1 e5 28. fxe5 dxe5 29. Bxe5 Qxd1 30. Rhxd1 Nxg4 31. Bd4 Bg7 32. Bxg7 Kxg7 33. Rd4 h5 34. Re1 Rc8 35. Re2 Rc6 36. a4 Nh6 37. Red2 Nf5 38. Re4 Kf6 39. Kf2 Kg5 40. Kf3 Nd6 41. Red4 Nf5 42. Re4 Nd6 43. Red4 Nf5 1/2-1/2

[Event "Bremen Silvester op-A"]
[Site "Bremen"]
[Date "2022.12.27"]
[Round "2"]
[White "Lammers, Markus"]
[Black "Gremmel, Jonas Simon"]
[Result "1-0"]
[WhiteElo "2297"]
[BlackElo "2053"]
[PlyCount "103"]
[EventDate "2022.12.27"]
[EventType "swiss"]
[EventRounds "7"]
[EventCountry "GER"]
[SourceTitle "CBM 211 Extra"]
[Source "ChessBase"]
[SourceDate "2023.01.31"]
[SourceVersion "1"]
[SourceVersionDate "2023.01.31"]
[SourceQuality "1"]

1. Nf3 d5 2. c4 e6 3. e3 Nf6 4. d4 Be7 5. b3 0-0 6. Bd3 b6 7. 0-0 Bb7 8. Bb2 dxc4 9. bxc4 c5 10. Nbd2 Nc6 11. Qe2 Qc7 12. Rfd1 Rfd8 13. Rac1 Rac8 14. Bb1 Ba6 15. h3 Nd7 16. Qd3 Nf8 17. Qc3 cxd4 18. exd4 Bb4 19. Qe3 Ng6 20. h4 Qf4 21. Bxg6 Qxe3 22. Bxf7+ Kxf7 23. fxe3 h6 24. Nb3 Ne7 25. a3 Bd6 26. c5 Bg3 27. e4 Bb7 28. Nbd2 Ng6 29. Rc3 Bxh4 30. Nxh4 Nxh4 31. Rf1+ Ke7 32. Rh3 g5 33. g3 bxc5 34. gxh4 cxd4 35. hxg5 Rc2 36. Bc1 Rg8 37. Rg3 hxg5 38. a4 e5 39. Ba3+ Ke6 40. Rg2 Ra2 41. Bf8 Ba6 42. Rff2 Rxa4 43. Nb3 Rxf8 44. Rxf8 Rb4 45. Nc5+ Ke7 46. Rf5 Rb1+ 47. Kh2 Bf1 48. Rgxg5 d3 49. Rxe5+ Kf7 50. Rgf5+ Kg6 51. Rd5 Be2 52. Nxd3 1-0

[Event "BL2-Ost 1920"]
[Site "Germany"]
[Date "2020.02.08"]
[Round "7.7"]
[White "Lammers, Markus"]
[Black "Heimrath, Reiner"]
[Result "1-0"]
[WhiteElo "2319"]
[BlackElo "2217"]
[PlyCount "73"]
[EventDate "2019.10.19"]
[EventType "team-tourn"]
[EventRounds "11"]
[EventCountry "GER"]
[SourceTitle "CBM 194 Extra"]
[Source "ChessBase"]
[SourceDate "2020.03.31"]
[SourceVersion "1"]
[SourceVersionDate "2020.03.31"]
[SourceQuality "1"]
[WhiteTeam "Zugzwang MSA"]
[BlackTeam "Nuernberg NT"]
[WhiteTeamCountry "GER"]
[BlackTeamCountry "GER"]

1. Nf3 Nf6 2. c4 g6 3. d4 Bg7 4. Nc3 0-0 5. g3 d6 6. Bg2 Nc6 7. 0-0 a6 8. Qd3 Bg4 9. d5 Nb4 10. Qd1 a5 11. h3 Bd7 12. Be3 Na6 13. Rc1 Re8 14. Qd2 Qc8 15. Kh2 e5 16. dxe6 Bxe6 17. b3 Nc5 18. Nd4 Bd7 19. Rfd1 Nfe4 20. Nxe4 Nxe4 21. Qc2 f5 22. a3 Re7 23. Bxe4 fxe4 24. c5 d5 25. c6 bxc6 26. Nxc6 Re6 27. Na7 Qe8 28. Rxd5 c6 29. Rxa5 Qf7 30. Rd1 Rf8 31. Qc4 Be5 32. Rxe5 Rxe5 33. Rxd7 Qxc4 34. bxc4 Ra5 35. Nxc6 Ra4 36. Ne5 Re8 37. Ng4 1-0

[Event "New Delhi Parsvnath op-A 18th"]
[Site "New Delhi"]
[Date "2020.01.10"]
[Round "2"]
[White "Lammers, Markus"]
[Black "Fedorov, Alexei"]
[Result "0-1"]
[WhiteElo "2325"]
[BlackElo "2562"]
[PlyCount "70"]
[EventDate "2020.01.09"]
[EventType "swiss"]
[EventRounds "10"]
[EventCountry "IND"]
[SourceTitle "CBM 194 Extra"]
[Source "ChessBase"]
[SourceDate "2020.03.31"]
[SourceVersion "1"]
[SourceVersionDate "2020.03.31"]
[SourceQuality "1"]

1. d4 g6 2. c4 Bg7 3. Nf3 c5 4. d5 d6 5. e4 e6 6. Nc3 Ne7 7. Be2 0-0 8. 0-0 e5 9. Ne1 f5 10. f4 exf4 11. Bxf4 fxe4 12. Qd2 e3 13. Bxe3 Rxf1+ 14. Bxf1 Nf5 15. Bg5 Qf8 16. Bd3 Bd4+ 17. Kh1 h6 18. g4 hxg5 19. gxf5 Bxf5 20. Nb5 Nd7 21. Nxd4 cxd4 22. Bf1 Qf6 23. Bg2 Re8 24. Nc2 Bxc2 25. Qxc2 Qf5 26. Qd2 Qf4 27. Qc2 Kg7 28. Qa4 Nf6 29. Rf1 Qe5 30. Bh3 Rh8 31. Qb3 b6 32. Qa3 a5 33. Rf2 g4 34. Bf1 g3 35. Re2 Qf4 0-1

[Event "BL2-Ost 1920"]
[Site "Germany"]
[Date "2019.12.07"]
[Round "5.8"]
[White "Lammers, Markus"]
[Black "Bielmeier, Ludwig"]
[Result "1-0"]
[WhiteElo "2319"]
[BlackElo "2093"]
[PlyCount "49"]
[EventDate "2019.10.19"]
[EventType "team-tourn"]
[EventRounds "11"]
[EventCountry "GER"]
[SourceTitle "CBM 194 Extra"]
[Source "ChessBase"]
[SourceDate "2020.03.31"]
[SourceVersion "1"]
[SourceVersionDate "2020.03.31"]
[SourceQuality "1"]
[WhiteTeam "Zugzwang MSA"]
[BlackTeam "Deggendorf"]
[WhiteTeamCountry "GER"]
[BlackTeamCountry "GER"]

1. Nf3 Nf6 2. c4 d6 3. d4 Nbd7 4. Nc3 c6 5. g3 e5 6. e4 Be7 7. Bg2 0-0 8. 0-0 a6 9. a4 a5 10. h3 Re8 11. Re1 exd4 12. Nxd4 g6 13. f4 Bf8 14. Be3 Nc5 15. Qc2 Nfd7 16. Rad1 Qc7 17. Kh1 Na6 18. Nb3 Nab8 19. Qf2 b6 20. e5 Bb7 21. Ne4 dxe5 22. fxe5 Bg7 23. Nd6 Rf8 24. Bf4 Na6 25. Nd4 1-0

[Event "Bundesliga 1819"]
[Site "Germany"]
[Date "2019.03.10"]
[Round "13.5"]
[White "Lammers, Markus"]
[Black "Kohlweyer, Bernd"]
[Result "1-0"]
[WhiteElo "2298"]
[BlackElo "2342"]
[PlyCount "65"]
[EventDate "2018.11.10"]
[EventType "team-tourn"]
[EventRounds "15"]
[EventCountry "GER"]
[SourceTitle "CBM 189 Extra"]
[Source "ChessBase"]
[SourceDate "2019.06.03"]
[SourceVersion "1"]
[SourceVersionDate "2019.06.03"]
[SourceQuality "1"]
[WhiteTeam "Muenchen Zugzwang"]
[BlackTeam "Duesseldorf"]
[WhiteTeamCountry "GER"]
[BlackTeamCountry "GER"]

1. d4 Nf6 2. Nf3 b6 3. Bf4 Bb7 4. e3 g6 5. Be2 Bg7 6. 0-0 0-0 7. c4 d6 8. h3 Nbd7 9. Nc3 Ne4 10. Nxe4 Bxe4 11. Qd2 e5 12. Bh2 a5 13. Rfd1 Qe7 14. Rac1 Rfe8 15. b3 Bb7 16. d5 f5 17. a3 h5 18. Qc2 Rf8 19. b4 g5 20. Nd2 Qf7 21. f4 Bh6 22. Nf3 gxf4 23. exf4 axb4 24. axb4 Rae8 25. Ra1 exf4 26. Ra7 Bc8 27. Rxc7 Re7 28. Nd4 Ne5 29. Rxc8 Rxc8 30. Nxf5 Qf6 31. Nxe7+ Qxe7 32. Qf5 Rf8 33. Qe6+ 1-0

[Event "Bundesliga 1819"]
[Site "Germany"]
[Date "2019.02.02"]
[Round "7.8"]
[White "Zumsande, Martin"]
[Black "Lammers, Markus"]
[Result "1-0"]
[WhiteElo "2490"]
[BlackElo "2298"]
[PlyCount "189"]
[EventDate "2018.11.10"]
[EventType "team-tourn"]
[EventRounds "15"]
[EventCountry "GER"]
[SourceTitle "CBM 188 Extra"]
[Source "ChessBase"]
[SourceDate "2019.02.26"]
[SourceVersion "1"]
[SourceVersionDate "2019.02.26"]
[SourceQuality "1"]
[WhiteTeam "Werder Bremen"]
[BlackTeam "Muenchen Zugzwang"]
[WhiteTeamCountry "GER"]
[BlackTeamCountry "GER"]

1. e4 c5 2. c3 d5 3. exd5 Qxd5 4. d4 Nf6 5. Nf3 e6 6. Bd3 Be7 7. 0-0 Nc6 8. dxc5 Qxc5 9. Qe2 0-0 10. Nbd2 Rd8 11. Rd1 Bd7 12. Ne4 Nxe4 13. Qxe4 Qf5 14. Qxf5 exf5 15. Bf4 h6 16. Ne5 Nxe5 17. Bxe5 Be6 18. Bc2 Bc5 19. a4 Rac8 20. Rxd8+ Rxd8 21. Rd1 Re8 22. Bc7 g6 23. g3 Bc4 24. Rd8 Rxd8 25. Bxd8 Kf8 26. Bf6 a6 27. Bd4 Bd6 28. f4 Ke7 29. Kf2 Ke6 30. Ke3 Be7 31. Bd1 Bd5 32. a5 h5 33. h4 Bd8 34. b4 Be7 35. Be2 Bc6 36. Bd3 Bg2 37. b5 axb5 38. Bxb5 Bd8 39. Bb6 Bf6 40. Kd2 Kd6 41. c4 Bc6 42. Kc2 Bg7 43. Kb3 Bf6 44. Kb4 Bb2 45. Be3 Bf6 46. Bf2 Kd7 47. a6 bxa6 48. Bxa6 Be7+ 49. Bc5 Bf6 50. Bb5 Bd8 51. Bd4 Be7+ 52. Ka5 Bd8+ 53. Ka6 Be7 54. c5 Bd8 55. Bc4 Ke8 56. Be5 f6 57. Bd6 Kd7 58. Bf7 Bf3 59. Kb5 g5 60. Bc4 Bc6+ 61. Kb4 Bf3 62. Bb5+ Ke6 63. Bc4+ Kd7 64. Bd3 Ke6 65. Kb5 Bd1 66. Bc4+ Kd7 67. Bd5 Be2+ 68. Kb4 Bd1 69. Bb7 Be2 70. Bg2 Ke6 71. Ka4 Kd7 72. Bd5 Bd1+ 73. Kb4 Be2 74. Bb7 Bd1 75. Bb8 Be7 76. Kc4 Ba4 77. Bf3 g4 78. Bd5 Bd8 79. Kb4 Bc6 80. Bf7 Be7 81. Bxh5 Ke6 82. Kc4 Bf8 83. Bg6 Bd7 84. h5 Bc6 85. Bc7 Bd7 86. Ba5 Bh6 87. Be1 Bc6 88. Bf2 Bd7 89. Bh7 Be8 90. Bg8+ Kd7 91. Be1 Bxh5 92. Kd5 Be8 93. c6+ Kc8 94. Be6+ Kb8 95. Ba5 1-0

[Event "Helsingor Xtracon op"]
[Site "Helsingor"]
[Date "2018.07.25"]
[Round "6"]
[White "Colbow, Collin"]
[Black "Lammers, Markus"]
[Result "1/2-1/2"]
[WhiteElo "2055"]
[BlackElo "2293"]
[PlyCount "122"]
[EventDate "2018.07.21"]
[EventType "swiss"]
[EventRounds "10"]
[EventCountry "DEN"]
[SourceTitle "CBM 185 Extra"]
[Source "ChessBase"]
[SourceDate "2018.07.29"]
[SourceVersion "1"]
[SourceVersionDate "2018.07.29"]
[SourceQuality "1"]

1. e4 e5 2. Nf3 Nf6 3. d4 Nxe4 4. Bd3 d5 5. Nxe5 Bd6 6. 0-0 0-0 7. c4 Bxe5 8. dxe5 Nc6 9. cxd5 Qxd5 10. Qc2 Nb4 11. Bxe4 Nxc2 12. Bxd5 Bf5 13. g4 Bxg4 14. Be4 Nxa1 15. Nc3 f5 16. exf6 Rae8 17. Bd2 Rxe4 18. Nxe4 Nc2 19. Bc3 Bf5 20. fxg7 Rd8 21. Ng3 Bh3 22. Rc1 Nd4 23. f4 c5 24. Bxd4 cxd4 25. Rc7 Rd7 26. Rxd7 Bxd7 27. Kf2 Kxg7 28. Ke2 Bb5+ 29. Kf3 Bd3 30. f5 Kf6 31. Kf4 Bc2 32. a3 Bb1 33. Nh5+ Kf7 34. Ng3 Kf6 35. Nh5+ Ke7 36. Ng3 Kd6 37. Nf1 Kd5 38. Nd2 Bc2 39. Nf3 a5 40. h4 Bd1 41. Ng5 h6 42. Nf7 h5 43. Ng5 Bc2 44. f6 Kd6 45. f7 Ke7 46. Ne6 Kxf7 47. Nxd4 Bd1 48. Kg5 a4 49. Kf5 Ke7 50. Ke5 Kd7 51. Kd5 Ke7 52. Ke5 Bg4 53. Nb5 Bd7 54. Nd6 Bc6 55. Nf5+ Kf7 56. Nd4 Bd7 57. Kd6 Bh3 58. Ke5 Ke7 59. Nb5 Bd7 60. Nc3 Bc6 61. Ne2 Be8 1/2-1/2

[Event "Helsingor Xtracon op"]
[Site "Helsingor"]
[Date "2018.07.24"]
[Round "5"]
[White "Lammers, Markus"]
[Black "Johansen, Oivind"]
[Result "1-0"]
[WhiteElo "2293"]
[BlackElo "2105"]
[PlyCount "81"]
[EventDate "2018.07.21"]
[EventType "swiss"]
[EventRounds "10"]
[EventCountry "DEN"]
[SourceTitle "CBM 185 Extra"]
[Source "ChessBase"]
[SourceDate "2018.07.29"]
[SourceVersion "1"]
[SourceVersionDate "2018.07.29"]
[SourceQuality "1"]

1. d4 Nf6 2. c4 c5 3. Nf3 e6 4. Nc3 d5 5. cxd5 exd5 6. g3 Nc6 7. Bg2 Be7 8. 0-0 0-0 9. dxc5 Bxc5 10. Na4 Be7 11. Be3 Be6 12. Nd4 Nxd4 13. Bxd4 Qa5 14. Qb3 Rac8 15. Rfd1 Rfd8 16. Qxb7 Kf8 17. Nc3 Rc7 18. Qb5 Qb4 19. Qxb4 Bxb4 20. Nb5 Rc2 21. Nxa7 Rd7 22. a4 Bc5 23. Bxc5+ Rxc5 24. Nb5 Rc2 25. a5 Rxb2 26. a6 Rxb5 27. a7 Rxa7 28. Rxa7 g6 29. Ra2 Rb4 30. Rc2 Ra4 31. Rb2 Rc4 32. h4 h5 33. f3 Rc6 34. Kh2 Ra6 35. Bh3 Bxh3 36. Kxh3 Ra3 37. Kg2 Rc3 38. Kf2 Ra3 39. Rb7 Ra5 40. Rc1 Ne8 41. Rc8 1-0

[Event "Helsingor Xtracon op"]
[Site "Helsingor"]
[Date "2018.07.22"]
[Round "3"]
[White "Lammers, Markus"]
[Black "Svane, Rasmus"]
[Result "1/2-1/2"]
[WhiteElo "2293"]
[BlackElo "2580"]
[PlyCount "87"]
[EventDate "2018.07.21"]
[EventType "swiss"]
[EventRounds "10"]
[EventCountry "DEN"]
[SourceTitle "CBM 185 Extra"]
[Source "ChessBase"]
[SourceDate "2018.07.29"]
[SourceVersion "1"]
[SourceVersionDate "2018.07.29"]
[SourceQuality "1"]

1. d4 Nf6 2. c4 e6 3. Nf3 d5 4. e3 Be7 5. b3 0-0 6. Nbd2 c5 7. dxc5 Bxc5 8. Bb2 Nc6 9. Be2 b6 10. 0-0 Bb7 11. cxd5 exd5 12. Nd4 Nxd4 13. Bxd4 Bxd4 14. exd4 Rc8 15. Nf3 Qd6 16. Re1 Ne4 17. Bd3 Qf4 18. Re3 Rc7 19. Qe2 Rfc8 20. Re1 Rc1 21. g3 Qf6 22. Rxc1 Rxc1+ 23. Kg2 Qd6 24. Ng5 f5 25. Qh5 Qg6 26. Qxg6 hxg6 27. h4 Ra1 28. a4 Ra2 29. Re2 Rxe2 30. Bxe2 Nxg5 31. hxg5 Bc6 32. Kf3 Kf7 33. Kf4 Ke6 34. Bd3 Be8 35. Bc2 a5 36. Bd3 Kd6 37. Ba6 Bd7 38. Be2 Be8 39. Bf1 Bd7 40. Bd3 Be8 41. g4 fxg4 42. Kxg4 Bd7+ 43. Kh4 Be8 44. Kg3 1/2-1/2

[Event "Helsingor Xtracon op"]
[Site "Helsingor"]
[Date "2018.07.22"]
[Round "2"]
[White "Roder, Peter Ulrik"]
[Black "Lammers, Markus"]
[Result "0-1"]
[WhiteElo "2021"]
[BlackElo "2293"]
[PlyCount "104"]
[EventDate "2018.07.21"]
[EventType "swiss"]
[EventRounds "10"]
[EventCountry "DEN"]
[SourceTitle "CBM 185 Extra"]
[Source "ChessBase"]
[SourceDate "2018.07.29"]
[SourceVersion "1"]
[SourceVersionDate "2018.07.29"]
[SourceQuality "1"]

1. e4 e5 2. Nf3 Nf6 3. Nxe5 d6 4. Nf3 Nxe4 5. Nc3 Nxc3 6. dxc3 Be7 7. Bd3 0-0 8. Be3 Nc6 9. Qd2 Ne5 10. Nxe5 dxe5 11. 0-0-0 Be6 12. Kb1 Qe8 13. Qe2 Qa4 14. b3 Qc6 15. Bc1 f5 16. f3 Bf6 17. c4 Rae8 18. Bb2 Bd7 19. Rhe1 Rf7 20. Qf2 e4 21. Bf1 Bxb2 22. Kxb2 b6 23. f4 Rfe7 24. Qe3 a5 25. a4 Bc8 26. c3 Rd7 27. Rd4 Red8 28. Red1 h6 29. g3 Kh7 30. Rxd7 Rxd7 31. Rxd7 Qxd7 32. Be2 c5 33. h4 Qd6 34. Kc2 Qe7 35. Kc1 Bd7 36. Bd1 Be8 37. Be2 Bf7 38. Bd1 g5 39. hxg5 hxg5 40. Kd2 Qd6+ 41. Ke1 gxf4 42. gxf4 Qh6 43. Qg3 Qh1+ 44. Kd2 Bh5 45. Be2 Bxe2 46. Kxe2 Qh5+ 47. Ke3 Kh6 48. Qg2 Qh4 49. Qf1 Qg3+ 50. Kd2 Qd3+ 51. Qxd3 exd3 52. Kxd3 Kh5 0-1

[Event "Bundesliga 1718"]
[Site "Germany"]
[Date "2018.04.30"]
[Round "14.3"]
[White "Rafiee, Makan"]
[Black "Lammers, Markus"]
[Result "1-0"]
[WhiteElo "2322"]
[BlackElo "2308"]
[PlyCount "111"]
[EventDate "2017.10.21"]
[EventType "team-tourn"]
[EventRounds "15"]
[EventCountry "GER"]
[SourceTitle "CBM 184"]
[Source "ChessBase"]
[SourceDate "2018.05.16"]
[SourceVersion "1"]
[SourceVersionDate "2018.05.16"]
[SourceQuality "1"]
[WhiteTeam "Bayern Muenchen"]
[BlackTeam "Muenchen Zugzwang"]
[WhiteTeamCountry "GER"]
[BlackTeamCountry "GER"]

1. e4 e5 2. Nf3 Nf6 3. Nxe5 d6 4. Nf3 Nxe4 5. Nc3 Nxc3 6. dxc3 Be7 7. Bf4 0-0 8. Qd2 Nd7 9. 0-0-0 Nc5 10. Nd4 Re8 11. f3 Ne6 12. Nxe6 Bxe6 13. Kb1 Qd7 14. g4 b5 15. Bd3 d5 16. h4 c5 17. h5 c4 18. Bf1 Qb7 19. h6 g6 20. Qd4 f6 21. Bh3 Qd7 22. Rde1 Kf7 23. Bg3 Rad8 24. Re2 Qc6 25. Bf2 Bd7 26. Rhe1 Bf8 27. Rxe8 Rxe8 28. Rxe8 Kxe8 29. Be3 a6 30. Bg2 Qe6 31. f4 Qxg4 32. Qxd5 Qe6 33. Qa8+ Bc8 34. Bd5 Qg4 35. Bf3 Qh3 36. Bb7 Bc5 37. Bc1 Kd8 38. Bxc8 Qxc8 39. Qd5+ Ke7 40. a4 Kf8 41. Ka2 Ke7 42. a5 Kf8 43. Bd2 Be7 44. b4 Qd8 45. Qg2 Qd7 46. Be3 Kf7 47. Qa8 Qe6 48. Bc5 Qf5 49. Kb2 Bxc5 50. bxc5 Qxc5 51. Qxa6 Ke7 52. Qb7+ Kd6 53. a6 Qc7 54. Qxb5 Qc6 55. Qb8+ Qc7 56. a7 1-0